| 000 | 00651cab a2200205 4500 | ||
|---|---|---|---|
| 001 | WB2830-52 | ||
| 008 | 090401t1992 xxu||||| |||| 00| 0 eng d | ||
| 035 | _a(Sirsi) u68964 | ||
| 041 | _aeng | ||
| 245 | _aSaving almshouses | ||
| 260 | _c1992 | ||
| 350 | _a0 | ||
| 490 |
_aIndependent on Sunday _v26 July 1992, 75(1) |
||
| 520 | _aThe Charities Act 1992 does not require trustees to seek consent from the Charity Commissioners before selling almshouses. The Almshouse Association fears the consequences. | ||
| 650 | _aALMSHOUSES | ||
| 650 | _aCHARITIES ACT 1992 | ||
| 690 | _aPROPERTY LAW AND PRACTICE | ||
| 942 | _n0 | ||
| 948 | _c04/03/1997 | ||
| 999 |
_c43306 _d43306 |
||